| 000 | 01362nam a22002897a 4500 | ||
|---|---|---|---|
| 999 |
_c119605 _d119605 |
||
| 003 | dpl | ||
| 005 | 20190424115703.0 | ||
| 008 | 190424b ||||| |||| 00| 0 eng d | ||
| 010 | _aB-242306 | ||
| 020 |
_c350.00 _a8190382071 |
||
| 035 | _aB-242306, B-242312 | ||
| 037 | _bCen Lib/Ret | ||
| 040 |
_aDPL _bHN _c0 |
||
| 082 |
_a305.562 _bउपाध्या |
||
| 100 |
_aउपाध्याय, राजभूषण _940 |
||
| 245 |
_aबिहार में दलित चेतना का विकास : _cराजभूषण उपाध्याय _b1937-1964 / |
||
| 246 |
_aBihar me dalit chetna ka vikas : 1937-1964 / _bby Rajbhushan Upadhyay |
||
| 260 |
_bजानकी प्रकाशन _c2007 _aपटना |
||
| 270 |
_aअशोक राजपथ, चौहट्टा _bपटना _e800 004 |
||
| 300 |
_avi,130पृ. _c20सेमी(सजिल्द) |
||
| 500 | _aअनुक्रमाणिका शामिल | ||
| 650 |
_aदलित चेतना -- विकास -- बिहार _983582 |
||
| 650 |
_aदलित चेतना -- आर्थिक आन्दोलन _985798 |
||
| 650 |
_aDalit consciousness - development - Bihar _985799 |
||
| 650 |
_aDalit consciousness - economic movement _985800 |
||
| 942 |
_2ddc _cHN _h305.562 _mउपाध्या |
||